|
|
|
|
| LEADER |
00946nam a2200241 a 4500 |
| 001 |
2107741 |
| 008 |
090614s1997 maua b 001 0 eng d |
| 010 |
|
|
|a 96034669
|
| 020 |
|
|
|a 0256209375
|
| 040 |
|
|
|a DLC
|c DLC
|d DLC
|
| 082 |
0 |
0 |
|a 658.4/038
|2 20
|
| 100 |
1 |
|
|a O'Brien, James A.,
|d 1936-
|
| 245 |
1 |
0 |
|a Introduction to information systems /
|c James A. O'Brien.
|
| 250 |
|
|
|a 8th ed.
|
| 260 |
|
|
|a Boston ;
|a Chicago :
|b Irwin,
|c 1997.
|
| 300 |
|
|
|a xxii, 514 p. :
|b col. ill. ;
|c 27 cm.
|
| 504 |
|
|
|a Includes bibliographical references and indexes.
|
| 541 |
1 |
|
|e 00015618
|
| 650 |
|
0 |
|a Business
|x Data processing.
|
| 650 |
|
0 |
|a Management
|x Data processing.
|
| 852 |
4 |
|
|a Ayesha Abed Library
|j General shelf
|
| 999 |
|
|
|c 1350
|d 1350
|
| 952 |
|
|
|0 0
|1 0
|2 ddc
|4 0
|6 658_403800000000000_OBR
|7 0
|9 1232
|a BRACUL
|b BRACUL
|c GEN
|d 2009-06-25
|g 0.00
|l 8
|m 52
|o 658.4038 OBR
|p 3010015618
|q 2026-05-17
|r 2026-02-22
|s 2026-02-22
|t 1
|w 2009-06-25
|y BK
|x No price found in the accession register.
|